01364nam a2200301 a 450000100060000000300080000600500170001400800410003103500200007204000520009204100080014408200260015210000380017824500770021626000390029330000260033249000650035850001110042350400410053465000230057565000220059865000220062083000980064294200120074099900170075295201490076995201440091851911BD-RjUL20211209075729.0160904s1954 enk b 001 0 eng  a(BD-RjUL) 52031 aDLCcGFVdOCLdNRCdOCLdUKMdBD-RjULdEQObeng aeng04a364.256223bSPC 19541 aSpencer, John Carrington.915526410aCrime and the Services /cJohn C. Spencer ; forword by Hermann Mannheim. aLondon :bRoutledge & Paul,cc1954 axii, 306 p. ;c23 cm.1 aInternational library of sociology and social reconstruction a"In its original form ... [the author's] thesis for the doctorate of philosophy ... University of London." aBibliography: p. 289-300 and index.  0aCriminals.9155265 0aSoldiers.9155266 0aVeterans.9149021 0aInternational library of sociology and social reconstruction (Routledge & Kegan Paul)9116496 2ddccBK c51911d51911 00102ddc40708NFICaRUCLbRUCLcStackd1968-06-01ePakistan Book Centreg21.00l0o364.256 SPC 1954r2016-09-04 00:00:00tC-2w2016-09-04yBK 00102ddc40718NFICaRUCLbRUCLcReadingd1955-09-12eB.H. Blackwellg1.83l0o364.256 SPC 1954r2016-12-28 00:00:00tC-1w2016-12-28yBK